Normal view
MARC view
- Scott, Paul,
Entry Personal Name
001 - CONTROL NUMBER
- control field: 98652
003 - CONTROL NUMBER IDENTIFIER
- control field: NUST
005 - DATE AND TIME OF LATEST TRANSACTION
- control field: 20220830103231.0
008 - FIXED-LENGTH DATA ELEMENTS
- fixed length control field: 220830|| aca||aabn | a|a d
040 ## - CATALOGING SOURCE
- Original cataloging agency: NUST
- Transcribing agency: NUST
100 ## - HEADING--PERSONAL NAME
- Personal name: Scott, Paul,
- Dates associated with a name: 1920-1978
670 ## - SOURCE DATA FOUND
- Source citation: Work cat.: (NUST)234562: Scott, Paul, 1920-1978., A division of the spoils :, 1975.
